Statistics for Can You Guess All the Countries I've Been to?

Click here to take the quiz!

General Stats

  • This quiz has been taken 7 times
  • The average score is 5 of 12

Answer Stats

Answer% Correct
France
100%
Greece
86%
Iceland
71%
Italy
71%
Germany
57%
Ireland
57%
San Marino
43%
Georgia
14%
Hungary
14%
Poland
14%
Serbia
14%
Bulgaria
0%

Score Distribution

Percentile by Number Answered

Percent of People with Each Score

Your Score History

You have not taken this quiz